| 000 | 01377na a2200361 4500 | ||
|---|---|---|---|
| 999 |
_c9058 _d9058 |
||
| 001 | 20489 | ||
| 003 | MIRAKIL | ||
| 005 | 20210112145005.0 | ||
| 008 | 170124b tu 000 0 | ||
| 035 | _a20489 | ||
| 040 |
_aMilas _btur _cTR-AnCHP |
||
| 041 | _atur | ||
| 082 |
_aCHP 324.23072 _bC36b 2016 |
||
| 090 | _aBROŞÜR 357 | ||
| 110 |
_aCumhuriyet Halk Partisi (CHP) _bHalkla İlişkiler |
||
| 222 | _aBildirgeler | ||
| 245 |
_aDemokrasi, değişim ve kardeşlik bildirgesi _cCHP |
||
| 246 | _aDemokrasi, değişim ve kardeşlik bildirgesi | ||
| 260 |
_aAnkara _bCHP _c2016 |
||
| 300 |
_a[25] s. _brnk. res. _c21 sm. |
||
| 440 |
_aCumhuriyet Halk Partisi yayınları _pBildirgeler |
||
| 500 | _aDış kapakta yapıt adı : Cumhuriyet Halk Partisi demokrasi, değişim ve kardeşlik bildirgesi | ||
| 610 |
_aCHP _xPropaganda ve ideolojiler _yBildirgeler |
||
| 610 |
_aCumhuriyet Halk Partisi (CHP) _xKurultaylar, 2016 _yBildirgeler |
||
| 651 |
_aTürkiye _xSiyaset ve yönetim _y2016- |
||
| 711 |
_aCHP Olağan Kurultay _cAnkara _d16-17 Ocak 2016 _kDemokrasi, Değişim ve Kardeşlik kurultayı _n35. |
||
| 740 | _aCumhuriyet Halk Partisi demokrasi, değişim ve kardeşlik bildirgesi | ||
| 830 | _aCHP bildirgeleri | ||
| 942 |
_2ddc _cBKS |
||
| 999 | _d9058 | ||